Obálka Náhled e-knihy:
PDF Epub
Pro půjčování e-knih musíte být přihlášeni.
Jak si půjčit online?

Vášeň /

Henri vášnivo zbožňoval Napoleona a Napoleon vášnivo zbožňoval kurence. Počas cesty z Boulogne do Moskvy Henri zabil množstvo hydiny, ale ani jedného človeka. Medzitým v tom čase sa v Benátkach, meste nádejí a masiek, narodila Villanelle, po otcovi gondol...

Celý popis

Uloženo v:
Hlavní autor: Wintersonová, Jeanette (Autor)
Médium: E-kniha
Jazyk:Czech
Vydáno: Praha : Albatros Media Slovakia s.r.o., 2019
Tagy:
Žádné tagy
LEADER 01535nam a22002297i 4500
001 311023
007 ta
008 260601s2019 xr ||||| |||| 00| 0 cze d
020 |a 9788056609637 
044 |a xr 
100 1 |a  Wintersonová, Jeanette  |4 aut 
245 1 0 |a Vášeň /  |c  Wintersonová, Jeanette 
264 1 |a Praha :  |b Albatros Media Slovakia s.r.o.,  |c 2019 
300 |a 1 online zdroj (160 stran) 
336 |a text  |b txt  |2 rdacontent 
337 |a bez média  |b n  |2 rdamedia 
338 |a online zdroj  |b cr  |2 rdacarrier 
520 2 |a Henri vášnivo zbožňoval Napoleona a Napoleon vášnivo zbožňoval kurence. Počas cesty z Boulogne do Moskvy Henri zabil množstvo hydiny, ale ani jedného človeka. Medzitým v tom čase sa v Benátkach, meste nádejí a masiek, narodila Villanelle, po otcovi gondolierovi zdedila nohy s plávacími blanami, ale v kasínach hrala o svoje srdce a prehrala. Keď sa kuchárova láska k Napoleonovi zmenila na nenávisť, našiel krásu Benátok a spolu s Villanelle utiekol do ich tmavých kanálov. 
910 |a RBIT002 
998 |d 184277  |a https://core.palmknihy.cz/api/books/184277/cover?por5b5  |b https://core.palmknihy.cz/api/books/184277/cover/400?por5b5  |c https://core.palmknihy.cz/api/books/184277/cover/50?por5b5  |e   |g 160  |i 9788056609637  |j https://core.palmknihy.cz/api/books/184277/preview.epub  |k https://core.palmknihy.cz/api/books/184277/preview.pdf  |l   |q 49  |r 1  |s https://www.palmknihy.cz/kniha/184277  |t ebook  |y 2019  |z 1 
999 |d 311021